Buggin' with ruud (Record no. 118782)

MARC details
000 -LÍDER
campo de controle de tamanho fixo 00708 a2200241 4500
001 - NÚMERO DE CONTROLE
campo de controle 118782
020 ## - ISBN - INTERNATIONAL STANDARD BOOK NUMBER
ISBN - International Standard Book Number 9780696236907
020 ## - ISBN - INTERNATIONAL STANDARD BOOK NUMBER
Informação qualificadora (pbk.)
041 ## - CÓDIGO DE IDIOMA
Código do idioma do texto/trilha sonora ou título diferente eng
082 ## - CDD - CLASSIFICAÇÃO DECIMAL DE DEWEY
Número de Classificação 595
040 ## - FONTE DA CATALOGAÇÃO
Instituição da catalogação original BR-BrIDEA
Instituição que transcreveu o registro BR-BrIDEA
090 ## - NÚMERO DE CHAMADA LOCAL
Número de chamada (OCLC) (R); Número de chamada, CALL (RLIN) (NR) A Year 3 595
Número Cutter local (OCLC); Número de classificação do livro, CALL (RLIN) HOL
100 ## - ENTRADA PRINCIPAL--NOME PESSOAL
Nome pessoal Holcomb, Carrie E.
245 10 - TÍTULO
Título Buggin' with ruud
Indicação de responsabilidade, etc. Editor and Writer: Carrie E. Holcomb
260 ## - PUBLICAÇÃO, DISTRIBUIÇÃO, ETC.
Local de publicação, distribuição, etc. Des Moines, IA
Nome do editor, distribuidor, etc. Meredith Books
Data da publicação, distribuição, etc. 2005
300 ## - DESCRIÇÃO FÍSICA
Material de acompanhamento 20.64 x 0.32 x 27.62 cm
520 ## - NOTA DE RESUMO, ETC
Resumo, etc. Describes the body parts, number of species, habitat, predators, and diet of such insects as cockroaches, crickets, and ants.
521 ## - NOTA DO PÚBLICO ALVO
Nota de público alvo Year 3
697 ## - ENTRADA DE ASSUNTO LOCAL--ENTIDADE COLETIVA (RLIN)
Nome corporativo ou nome da jurisdição Animals
697 ## - ENTRADA DE ASSUNTO LOCAL--ENTIDADE COLETIVA (RLIN)
Nome corporativo ou nome da jurisdição Insects
856 ## - LOCALIZAÇÃO ELETRÔNICA E ACESSO
Uniform Resource Identifier <a href="000032/00003263.jpg">000032/00003263.jpg</a>
942 ## - ELEMENTOS DE ENTRADA ADICIONADOS (KOHA)
Tipo de material Koha Livros
Holdings
Situação do descarte Situação das perdas Fonte da classificação ou esquema de arquivamento na estante Situação física Não pode ser emprestado Biblioteca de origem Biblioteca atual Data de aquisição Total de empréstimos Número de chamada completo Código de barras Data de último acesso Data do último empréstimo Data do preço efetivo Tipo de material Koha
    Classificação Decimal de Dewey     ECB - ÁGUAS CLARAS ECB - ÁGUAS CLARAS 06/10/2022 7 A Year 3 595 HOL 00059256AGC 24/06/2024 17/06/2024 23/01/2024 Livros